000 00643cam a2200229 4500
008 090401t1997 xxu||||| |||| 00| 0 eng d
020 _a0471155640
035 _a(Sirsi) u77392
041 _aeng
050 _a658.452
100 _aHager, Peter J.
245 _aDesigning and delivering scientific, technical and managerial presentations.
260 _aNew York
_bJohn Wiley & Sons
_c1997
300 _axiv,345p. ; 25cm.
350 _a35
650 _aCOMMUNICATION
650 _aPRESENTATIONS
690 _aMANAGEMENT-BUSINESS MANAGEMENT-PROFESSIONAL PRACTICE
700 _aScheiber, H.J.
942 _n0
948 _c25/03/1997
999 _c96300
_d96300